Statistics for The Vampire Diaries Characters

Click here to take the quiz!

General Stats

  • This quiz has been taken 2,149 times
  • The average score is 9 of 16

Answer Stats

HintAnswer% Correct
Elena GilbertNina Dobrev
99%
Stefan SalvatorePaul Wesley
89%
Damon SalvatoreIan Somerhalder
88%
Katherine PierceNina Dobrev
80%
Caroline ForbesCandice Accola
71%
Niklaus (Klaus) MikaelsonJoseph Morgan
67%
Bonnie BennettKaterina (Kat) Graham
66%
Elijah MikaelsonDaniel Gillies
54%
Rebekah MikaelsonClaire Holt
52%
Jeremy GilbertSteven R Mcqueen
49%
Alaric SaltzmanMatt Davis
46%
Tyler LockwoodMichael Trevino
42%
Matt DonovanZach Roerig
41%
Jenna SummersSara Canning
38%
Vicki DonovanKayla Ewell
35%
John GilbertDavid Anders
21%

Score Distribution

Percentile by Number Answered

Percent of People with Each Score

Your Score History

You have not taken this quiz